Music Quiz

Random Music or Kpop Quiz
Score 0/21 Timer 20:00
0 Plays Today
% Correct
lia (july 21, 2000)
100%
hwasa (july 23, 1995)
100%
hayoung (july 19, 1996)
93.3%
jimin (july 5, 1997)
88.9%
chengxiao (july 15, 1998)
88.9%
sohye (july 19, 1999)
88.9%
roa (july 29, 1997)
86.7%
eunwoo (july 1, 1998)
84.4%
nayun (july 31, 1998)
84.4%
hyewon (july 5, 1999)
82.2%
kyungri (july 5, 1990)
82.2%
% Correct
soobin (july 14, 1996)
80%
elly (july 20, 1998)
77.8%
aisha (july 21, 2000)
75.6%
hyojung (july 28, 1994)
75.6%
babysoul (july 6, 1992)
71.1%
linlin (july 5, 2003)
64.4%
yebin (july 13, 1997)
62.2%
chaekyung (july 7, 1996)
57.8%
suran (july 15, 1986)
44.4%
sungah (july 8, 1989)
28.9%

You're not logged in!

Compare scores with friends on all Sporcle quizzes.
OR
Log In

Sporcle TV

Today on Sporcle TV


Watch our educational content, quiz creation guides, and fun videos on Sporcle TV.

Show Comments

Extras

Created Jul 1, 2019ReportNominate
Tags:Kpop Quiz, born, female, idol, July

Top Quizzes Today


Score Distribution

Paid Content

Your Account Isn't Verified!

In order to create a playlist on Sporcle, you need to verify the email address you used during registration. Go to your Sporcle Settings to finish the process.

Report this User

Report this user for behavior that violates our Community Guidelines.

Details: